000 00441nam a2200169 a 4500
001 13457
005 20180713201833.0
008 140415s1985 000 0 spa d
041 _aspa
082 _a808.83872
_bCOL
100 1 _aTEY, JOSEPHINE
245 1 4 _aTHE DAUGHTER OF TIME
260 _a[s.l.] :
_bBANTAM,
_c1985
300 _a191
490 _aTHE COLLECTION OF MYSTERY CLASSICS
650 1 4 _aNOVELA DE MISTERIO
999 _c13457
_d13457